African urban experiences in colonial Zimbabwe : (Record no. 2423)
[ view plain ]
| 000 -LEADER | |
|---|---|
| fixed length control field | 01133cam a22003134a 4500 |
| 001 - CONTROL NUMBER | |
| control field | 14887965 |
| 003 - CONTROL NUMBER IDENTIFIER | |
| control field | GZU |
| 005 - DATE AND TIME OF LATEST TRANSACTION | |
| control field | 20201029123021.0 |
| 008 - FIXED-LENGTH DATA ELEMENTS--GENERAL INFORMATION | |
| fixed length control field | 070612s2007 rh ab b 000 0 eng |
| 010 ## - LIBRARY OF CONGRESS CONTROL NUMBER | |
| LC control number | 2007380650 |
| 020 ## - INTERNATIONAL STANDARD BOOK NUMBER | |
| International Standard Book Number | 9781779220547 |
| 020 ## - INTERNATIONAL STANDARD BOOK NUMBER | |
| International Standard Book Number | 1779220545 |
| 040 ## - CATALOGING SOURCE | |
| Original cataloging agency | DLC |
| Transcribing agency | DLC |
| Modifying agency | DLC |
| 042 ## - AUTHENTICATION CODE | |
| Authentication code | lcode |
| 043 ## - GEOGRAPHIC AREA CODE | |
| Geographic area code | f-rh--- |
| 050 00 - LIBRARY OF CONGRESS CALL NUMBER | |
| Classification number | HN802 |
| Item number | YOS 2007 |
| 100 1# - MAIN ENTRY--PERSONAL NAME | |
| Personal name | Yoshikuni, Tsuneo. |
| 245 10 - TITLE STATEMENT | |
| Title | African urban experiences in colonial Zimbabwe : |
| Remainder of title | a social history of Harare before 1925 / |
| Statement of responsibility, etc. | Tsuneo Yoshikuni. |
| 260 ## - PUBLICATION, DISTRIBUTION, ETC. | |
| Place of publication, distribution, etc. | Harare : |
| Name of publisher, distributor, etc. | Weaver Press, |
| Date of publication, distribution, etc. | 2007. |
| 300 ## - PHYSICAL DESCRIPTION | |
| Extent | vi, 162 p. : |
| Other physical details | ill., maps ; |
| Dimensions | 21 cm. |
| 504 ## - BIBLIOGRAPHY, ETC. NOTE | |
| Bibliography, etc. note | Includes bibliographical references. |
| 650 #0 - SUBJECT ADDED ENTRY--TOPICAL TERM | |
| Topical term or geographic name entry element | Segregation |
| Geographic subdivision | Zimbabwe |
| -- | Harare |
| General subdivision | History |
| Chronological subdivision | 20th century. |
| 650 #0 - SUBJECT ADDED ENTRY--TOPICAL TERM | |
| Topical term or geographic name entry element | Migrant labor |
| Geographic subdivision | Zimbabwe |
| -- | Harare |
| General subdivision | History |
| Chronological subdivision | 20th century. |
| 651 #0 - SUBJECT ADDED ENTRY--GEOGRAPHIC NAME | |
| Geographic name | Harare (Zimbabwe) |
| General subdivision | Social conditions |
| Chronological subdivision | 20th century. |
| 856 41 - ELECTRONIC LOCATION AND ACCESS | |
| Materials specified | Table of contents only |
| Uniform Resource Identifier | <a href="http://www.loc.gov/catdir/toc/fy0803/2007380650.html">http://www.loc.gov/catdir/toc/fy0803/2007380650.html</a> |
| 906 ## - LOCAL DATA ELEMENT F, LDF (RLIN) | |
| a | 7 |
| b | cbc |
| c | origode |
| d | 3 |
| e | ncip |
| f | 20 |
| g | y-gencatlg |
| 942 ## - ADDED ENTRY ELEMENTS (KOHA) | |
| Source of classification or shelving scheme | Library of Congress Classification |
| Koha item type | Books |
| Classification part | 802 |
| Item part | YOS |
| Call number prefix | HN |
| Withdrawn status | Lost status | Source of classification or shelving scheme | Damaged status | Not for loan | Collection code | Home library | Current library | Shelving location | Date acquired | Inventory number | Total Checkouts | Full call number | Barcode | Date last seen | Copy number | Price effective from | Koha item type | Source of acquisition |
|---|---|---|---|---|---|---|---|---|---|---|---|---|---|---|---|---|---|---|
| Library of Congress Classification | Non-fiction | City Campus Library | City Campus Library | General Stacks | 10/29/2020 | 8728 | HN802 YOS 2007 | 8728 | 10/29/2020 | c. 1 | 10/29/2020 | Books | ||||||
| Library of Congress Classification | Non-fiction | City Campus Library | City Campus Library | General Stacks | 10/29/2020 | 7043 | HN802 YOS 2007 | 010905 | 10/29/2020 | c. 2 | 10/29/2020 | Books | ||||||
| Library of Congress Classification | Non-fiction | City Campus Library | City Campus Library | General Stacks | 10/29/2020 | HN802 YOS 2007 | 029401 | 10/29/2020 | c. 3 | 10/29/2020 | Books | |||||||
| Library of Congress Classification | Non-fiction | City Campus Library | City Campus Library | General Stacks | 10/29/2020 | HN802 YOS 2007 | 029400 | 10/29/2020 | c. 4 | 10/29/2020 | Books | |||||||
| Library of Congress Classification | Non-fiction | City Campus Library | City Campus Library | General Stacks | 10/29/2020 | 9196 | HN802 YOS 2007 | 9196 | 10/29/2020 | c. 5 | 10/29/2020 | Books | ||||||
| Library of Congress Classification | Non-fiction | City Campus Library | City Campus Library | General Stacks | 10/29/2020 | 9195 | HN802 YOS 2007 | B017538 | 10/29/2020 | c. 6 | 10/29/2020 | Books | ||||||
| Library of Congress Classification | Non-fiction | City Campus Library | City Campus Library | General Stacks | 10/29/2020 | 8727 | HN802 YOS 2007 | B015789 | 10/29/2020 | c. 7 | 10/29/2020 | Books | ||||||
| Library of Congress Classification | Non-fiction | City Campus Library | City Campus Library | General Stacks | 09/12/2021 | HN802 YOS 2007 | 031491 | 09/12/2021 | c. 10 | 09/12/2021 | Books | Austrian Embassy Pretoria | ||||||
| Library of Congress Classification | Non-fiction | City Campus Library | City Campus Library | General Stacks | 09/12/2021 | HN802 YOS 2007 | 031493 | 09/12/2021 | c. 12 | 09/12/2021 | Books | Austrian Embassy Pretoria | ||||||
| Library of Congress Classification | Non-fiction | Law Library | Law Library | General Stacks | 09/12/2021 | HN802 YOS 2007 | 031492 | 09/12/2021 | c. 11 | 09/12/2021 | Books | Austrian Embassy Pretoria | ||||||
| Library of Congress Classification | Non-fiction | Mashava Campus Library | Mashava Campus Library | General Stacks | 05/12/2021 | 21084 | HN802 YOS 2007 | 004395 | 05/12/2021 | c. 8 | 05/12/2021 | Books | ||||||
| Library of Congress Classification | Non-fiction | Mashava Campus Library | Mashava Campus Library | General Stacks | 09/12/2021 | HN802 YOS 2007 | 031490 | 09/12/2021 | c. 9 | 09/12/2021 | Books | Austrian Embassy Pretoria |